Представление документа в формате MARC21

Поле Инд. ПП Название Значение
Тип записи a
Библиографический уровень a
001 Контрольный номер RU/IS/BASE/262108489
005 Дата корректировки 20240112100036.1
084 a Индекс другой классификации/Индекс ББК 63.3(2)6-7; 63.52(2=Рус)6-5; 67.404(2Рос)6
090 00 a Полочн. индекс 63.5(2=Рус)
x Авторский знак Р 893
100 10 a Автор Власова И. В.
245 00 a Заглавие Семейно-брачные отношения в 1917 - 1990-х годах
650 04 a Основная рубрика исторические науки
a Основная рубрика история
a Основная рубрика этнология (этнография)
653 00 a Ключевые слова брак
a Ключевые слова брачное законодательство
a Ключевые слова внешние связи
a Ключевые слова воспитание
a Ключевые слова городская семья
a Ключевые слова демографическая статистика
a Ключевые слова демократизация
a Ключевые слова дети
a Ключевые слова законодательство
a Ключевые слова новейшее время
a Ключевые слова нравственность
a Ключевые слова общество
a Ключевые слова разводы
a Ключевые слова размер семьи
a Ключевые слова родство
a Ключевые слова рождаемость
a Ключевые слова русские
a Ключевые слова сельская семья
a Ключевые слова семейно-брачные отношения
a Ключевые слова семья
a Ключевые слова советский период
a Ключевые слова социальная среда
700 10 a Автор Шмелева М. Н.
773 00 d Дата издания источника Москва, 1999
g Прочая информация С. 436-456
t Заглавие источника Русские
w Контрольный № источника RU/IS/BASE/102094566
901 t Тип документа a